Billy Bishop Toronto City Airport Destinations (Toronto, Canada) - Statistics

General Stats
  • This quiz has been taken 69 times
    49 since last reset
  • The average score is 10 of 15
Answer Stats
Airline Destination % Correct
Air Canada Express/Porter Airlines Montréal (Trudeau)
97%
Air Canada Express/Porter Airlines Ottawa
97%
Porter Airlines Québec City
91%
Porter Airlines Halifax
82%
Porter Airlines Boston
79%
Porter Airlines Chicago (Midway)
79%
Porter Airlines Newark
73%
Porter Airlines Washington (Dulles)
70%
Porter Airlines Windsor
64%
Porter Airlines Thunder Bay
58%
Porter Airlines Sudbury
52%
Porter Airlines Moncton
48%
Porter Airlines Fredericton
45%
Porter Airlines Sault Ste. Marie
45%
Porter Airlines Timmins
39%
No matching quizzes found
Score Distribution
Percent of People with Each Score
Percentile by Number Answered
Your Score History
You have not taken this quiz since the last reset